| 000 | 00474nam a2200181Ia 4500 | ||
|---|---|---|---|
| 003 | GCL | ||
| 008 | 140319s9999 xx 000 0 ara d | ||
| 040 |
_aGCL / _cGCL |
||
| 082 | 0 | 4 |
_a810.9027 _bح ا |
| 100 | 1 | _aحيرم العمراوى | |
| 245 | 1 | 0 |
_aادب الشعب / _cحيرم العمراوى |
| 300 | _a145 ص | ||
| 490 |
_aكتب للجميع _v0 |
||
| 650 | 0 | 4 | _aالادب |
| 650 | 0 | 4 | _aالادب الشعبى |
| 650 | 0 | 4 | _aالاديان |
| 942 |
_2ddc _cBK |
||
| 999 |
_c40214 _d40214 |
||